000 00279nam a22001217a 4500
008 181101b xxu||||| |||| 00| 0 eng d
041 _aeng
080 _a311
100 _a55
101 _aSTA
245 _aElements of Statistical Inference
_cHuntsberger,D.V
942 _2udc
_cBK
999 _c51503
_d51503